000 00463nam a2200169Ia 4500
003 LDD
008 190117s9999 xx 000 0 und d
020 _c₹225
040 _cLDD
041 _ahi
082 _a8S1.09 भ6442न
100 _aनगेन्द्र
245 0 _aभारतीय महाकाव्य
_cनगेन्द्र
260 _aदिल्ली
_bप्रभात
_c1992
300 _a420प्र.
942 _2ddc
_cH
999 _c161913
_d161913